Cricket: Test Batsmen to End Calendar Year at No.1 - Statistics

General Stats
  • This quiz has been taken 59 times
    24 since last reset
  • The average score is 66 of 104
Answer Stats
Year Country Answer % Correct
2024 ENG Joe Root
94%
1931 | 1933 | 1934 | +7 others AUS Sir Donald Bradman
94%
2015 | 2016 | 2017 AUS Steve Smith
94%
1995 | 1999 | 2001 WI Brian Lara
88%
2020 | 2023 NZ Kane Williamson
88%
2013 | 2014 SA AB de Villiers
82%
2007 | 2010 | 2011 SL Kumar Sangakkara
82%
2002 AUS Matthew Hayden
82%
2012 AUS Michael Clarke
82%
2003 | 2005 | 2006 AUS Ricky Ponting
82%
1994 | 1998 | 2000 IND Sachin Tendulkar
82%
2018 | 2019 IND Virat Kohli
82%
1985 AUS Allan Border
76%
1991 | 1992 | 1993 ENG Graham Gooch
76%
2008 WI Shivnarine Chanderpaul
76%
1976 | 1977 | 1980 | +3 others WI Sir Viv Richards
76%
2004 IND Rahul Dravid
71%
1996 | 1997 AUS Steve Waugh
71%
1978 | 1979 IND Sunil Gavaskar
71%
2021 | 2022 AUS Marnus Labuschagne
65%
1959 | 1960 | 1961 | +9 others WI Sir Garfield Sobers
65%
1989 PAK Javed Miandad
59%
1983 | 1984 WI Sir Clive Lloyd
53%
1910 | 1912 | 1913 | +8 others ENG Sir Jack Hobbs
53%
1989 | 1990 WI Richie Richardson
47%
1949 | 1950 | 1951 | +2 others ENG Sir Len Hutton
47%
2009 IND Gautam Gambhir
41%
1987 IND Dilip Vengsarkar
35%
1955 WI Sir Clyde Walcott
35%
1948 ENG Denis Compton
29%
1954 AUS Neil Harvey
29%
1969 | 1970 AUS Doug Walters
24%
1923 SA Herbie Taylor
24%
1974 NZ Glenn Turner
18%
1965 ENG Ken Barrington
18%
1956 | 1957 | 1958 ENG Peter May
18%
1975 WI Alvin Kallicharan
12%
1928 | 1929 | 1930 | 1932 ENG Herbert Sutcliffe
12%
1911 SA Aubrey Faulkner
6%
No matching quizzes found
Score Distribution
Percent of People with Each Score
Percentile by Number Answered
Your Score History
You have not taken this quiz since the last reset